A Combinatorial Perspective on Quantum Field Theory (Запис № 446196)

МАРК-запис
000 -LEADER
fixed length control field 04114nam a22005895i 4500
001 - CONTROL NUMBER
control field 978-3-319-47551-6
003 - CONTROL NUMBER IDENTIFIER
control field DE-He213
005 - DATE AND TIME OF LATEST TRANSACTION
control field 20210118123642.0
007 - PHYSICAL DESCRIPTION FIXED FIELD--GENERAL INFORMATION
fixed length control field cr nn 008mamaa
008 - FIXED-LENGTH DATA ELEMENTS--GENERAL INFORMATION
fixed length control field 161125s2017 gw | s |||| 0|eng d
020 ## - INTERNATIONAL STANDARD BOOK NUMBER
International Standard Book Number 9783319475516
-- 978-3-319-47551-6
024 7# - OTHER STANDARD IDENTIFIER
Standard number or code 10.1007/978-3-319-47551-6
Source of number or code doi
050 #4 - LIBRARY OF CONGRESS CALL NUMBER
Classification number QC174.45-174.52
072 #7 - SUBJECT CATEGORY CODE
Subject category code PHQ
Source bicssc
072 #7 - SUBJECT CATEGORY CODE
Subject category code SCI057000
Source bisacsh
072 #7 - SUBJECT CATEGORY CODE
Subject category code PHS
Source thema
082 04 - DEWEY DECIMAL CLASSIFICATION NUMBER
Classification number 530.14
Edition number 23
100 1# - MAIN ENTRY--PERSONAL NAME
Personal name Yeats, Karen.
Relator term author.
Relator code aut
-- http://id.loc.gov/vocabulary/relators/aut
245 12 - TITLE STATEMENT
Title A Combinatorial Perspective on Quantum Field Theory
Medium [electronic resource] /
Statement of responsibility, etc by Karen Yeats.
250 ## - EDITION STATEMENT
Edition statement 1st ed. 2017.
264 #1 -
-- Cham :
-- Springer International Publishing :
-- Imprint: Springer,
-- 2017.
300 ## - PHYSICAL DESCRIPTION
Extent IX, 120 p. 16 illus.
Other physical details online resource.
336 ## -
-- text
-- txt
-- rdacontent
337 ## -
-- computer
-- c
-- rdamedia
338 ## -
-- online resource
-- cr
-- rdacarrier
347 ## -
-- text file
-- PDF
-- rda
490 1# - SERIES STATEMENT
Series statement SpringerBriefs in Mathematical Physics,
Міжнародний стандартний серійний номер для назви серії (ISSN) 2197-1757 ;
Том/ позначення послідовності 15
505 0# - FORMATTED CONTENTS NOTE
Formatted contents note Part I Preliminaries -- Introduction -- Quantum field theory set up -- Combinatorial classes and rooted trees -- The Connes-Kreimer Hopf algebra -- Feynman graphs -- Part II Dyson-Schwinger equations -- Introduction to Dyson-Schwinger equations -- Sub-Hopf algebras from Dyson-Schwinger equations -- Tree factorial and leading log toys -- Chord diagram expansions -- Differential equations and the (next-to)m leading log expansion -- Part III Feynman periods -- Feynman integrals and Feynman periods -- Period preserving graph symmetries -- An invariant with these symmetries -- Weight -- The c2 invariant -- Combinatorial aspects of some integration algorithms -- Index.
520 ## - SUMMARY, ETC.
Summary, etc This book explores combinatorial problems and insights in quantum field theory. It is not comprehensive, but rather takes a tour, shaped by the author’s biases, through some of the important ways that a combinatorial perspective can be brought to bear on quantum field theory. Among the outcomes are both physical insights and interesting mathematics. The book begins by thinking of perturbative expansions as kinds of generating functions and then introduces renormalization Hopf algebras. The remainder is broken into two parts. The first part looks at Dyson-Schwinger equations, stepping gradually from the purely combinatorial to the more physical. The second part looks at Feynman graphs and their periods. The flavour of the book will appeal to mathematicians with a combinatorics background as well as mathematical physicists and other mathematicians.
506 ## - RESTRICTIONS ON ACCESS NOTE
Terms governing access Available to subscribing member institutions only. Доступно лише організаціям членам підписки.
506 ## - RESTRICTIONS ON ACCESS NOTE
Standardized terminology for access restriction Online access from local network of NaUOA.
506 ## - RESTRICTIONS ON ACCESS NOTE
Standardized terminology for access restriction Online access with authorization at https://link.springer.com/
506 ## - RESTRICTIONS ON ACCESS NOTE
Standardized terminology for access restriction Онлайн-доступ з локальної мережі НаУОА.
506 ## - RESTRICTIONS ON ACCESS NOTE
Standardized terminology for access restriction Онлайн доступ з авторизацією на https://link.springer.com/
650 #0 - SUBJECT ADDED ENTRY--TOPICAL TERM
Topical term or geographic name as entry element Quantum field theory.
650 #0 - SUBJECT ADDED ENTRY--TOPICAL TERM
Topical term or geographic name as entry element String theory.
650 #0 - SUBJECT ADDED ENTRY--TOPICAL TERM
Topical term or geographic name as entry element Mathematical physics.
650 #0 - SUBJECT ADDED ENTRY--TOPICAL TERM
Topical term or geographic name as entry element Discrete mathematics.
650 14 - SUBJECT ADDED ENTRY--TOPICAL TERM
Topical term or geographic name as entry element Quantum Field Theories, String Theory.
-- http://scigraph.springernature.com/things/product-market-codes/P19048
650 24 - SUBJECT ADDED ENTRY--TOPICAL TERM
Topical term or geographic name as entry element Mathematical Physics.
-- http://scigraph.springernature.com/things/product-market-codes/M35000
650 24 - SUBJECT ADDED ENTRY--TOPICAL TERM
Topical term or geographic name as entry element Discrete Mathematics.
-- http://scigraph.springernature.com/things/product-market-codes/M29000
710 2# - ADDED ENTRY--CORPORATE NAME
Corporate name or jurisdiction name as entry element SpringerLink (Online service)
773 0# - HOST ITEM ENTRY
Title Springer eBooks
776 08 - ADDITIONAL PHYSICAL FORM ENTRY
Display text Printed edition:
International Standard Book Number 9783319475509
776 08 - ADDITIONAL PHYSICAL FORM ENTRY
Display text Printed edition:
International Standard Book Number 9783319475523
830 #0 - SERIES ADDED ENTRY--UNIFORM TITLE
Uniform title SpringerBriefs in Mathematical Physics,
-- 2197-1757 ;
Volume number/sequential designation 15
856 40 - ELECTRONIC LOCATION AND ACCESS
Uniform Resource Identifier <a href="https://doi.org/10.1007/978-3-319-47551-6">https://doi.org/10.1007/978-3-319-47551-6</a>
912 ## -
-- ZDB-2-PHA
942 ## - ADDED ENTRY ELEMENTS (KOHA)
Koha item type ЕКнига

Немає доступних примірників.